000 00542nam a22001697a 4500
005 20251108163349.0
008 250721s1991 xx 000 0 ara d
082 1 4 _a320.014/نوا
100 1 _aأبو نوار، معن
245 1 0 _aبين القومية و الوطنية :
_bدراسة في المصطلح السياسي العربي /
264 1 _aلندن :
_bدار اللام،
_c1991.
300 _a206ص.
650 1 7 _aالعلوم السياسية
650 1 7 _aالقومية العربية
942 _2ddc
_cBK
999 _c797
_d797